Freguesias de Ribeira de Pena - Statistics

Estatísticas Gerais
  • Esse quiz foi jogado 3 vezes
  • A pontuação média é 3 de 7
Estatísticas das Respostas
Número Freguesia % Correto
5 Ribeira de Pena (Salvador)
67%
7 Santo Aleixo de Além-Tâmega
67%
2 Canedo
33%
3 Cerva
33%
4 Limões
33%
6 Santa Marinha
33%
1 Alvadia
0%
Nenhum quiz correspondente encontrado
Distribuição das Pontuações
Porcentagem de Pessoas com Cada Pontuação
Percentil de Números Respondidos
Sua Pontuação Histórica
Você não jogou esse quiz